Plan económico 87. Objetivos realistas

Trata sobre las perspectivas de crecimiento económico del producto interno bruto que se vislumbran en los planes de desarrollo económico de Nicaragua para 1987. Base de este análisis son aspectos como: las medidas financieras para la inversión pública, garantías de abastecimiento para el mercado int...

Description complète

Enregistré dans:
Détails bibliographiques
Format: Texte
Sujets:
Tags: Ajouter un tag
Pas de tags, Soyez le premier à ajouter un tag!

MARC

LEADER 00000 a a2200000 04500
001 12180
003
040
245 |a Plan económico 87. Objetivos realistas  
520 |a Trata sobre las perspectivas de crecimiento económico del producto interno bruto que se vislumbran en los planes de desarrollo económico de Nicaragua para 1987. Base de este análisis son aspectos como: las medidas financieras para la inversión pública, garantías de abastecimiento para el mercado interno, la integración de los sectores productivos y el estímulo al comercio exterior. CEM/mb  
650 |a ESTRATEGIA DEL DESARROLLO  
650 |a POLITICA DE DESARROLLO  
650 |a PLANES DE DESARROLLO  
650 |a POLITICA ECONOMICA  
650 |a PRODUCTO INTERNO BRUTO  
650 |a HACIENDA PUBLICA  
650 |a INVERSIONES PUBLICAS  
650 |a MANO DE OBRA  
650 |a COMERCIO EXTERIOR  
650 |a EMPLEO  
650 |a EMPLEO A TIEMPO PARCIAL  
773 |g número 40; páginas 9-14  
999 |c 25542  |d 25542